[Event "POL-chT U26 rapid"]
[Site "Hucisko"]
[Date "2016.01.16"]
[Round "3.10"]
[White "Piesik, Piotr"]
[Black "Matuszczyk, Przemyslaw"]
[Result "1/2-1/2"]
[WhiteElo "2292"]
[BlackElo "2066"]
[PlyCount "77"]
[EventDate "2016.01.16"]
[EventType "team-swiss (rapid)"]
[EventRounds "9"]
[EventCountry "POL"]
[SourceTitle "CBM 170 Extra"]
[Source "ChessBase"]
[SourceDate "2016.02.25"]
[SourceVersion "1"]
[SourceVersionDate "2016.02.25"]
[SourceQuality "1"]
[WhiteTeam "Katowice UE"]
[BlackTeam "Gliwice Politechnika Slaska"]
[WhiteTeamCountry "POL"]
[BlackTeamCountry "POL"]

1. Nf3 d5 2. g3 Nf6 3. Bg2 c6 4. 0-0 Bg4 5. d3 e6 6. Nbd2 Be7 7. e4 Nbd7 8. Qe2 0-0 9. h3 Bxf3 10. Nxf3 dxe4 11. dxe4 e5 12. a4 Qc7 13. b3 Rfe8 14. Bb2 Bf8 15. Nd2 Nc5 16. Nc4 Nfd7 17. Rfd1 Rad8 18. h4 Ne6 19. Bh3 b6 20. Bxe6 Rxe6 21. Rd3 Nc5 22. Rxd8 Qxd8 23. Rd1 Qe8 24. Kg2 f6 25. h5 b5 26. axb5 cxb5 27. Nd2 Qc6 28. Ba3 a5 29. Bxc5 Bxc5 30. Nf3 Rd6 31. Rxd6 Bxd6 32. Nh4 a4 33. bxa4 bxa4 34. Nf5 a3 35. Qg4 Qc7 36. Nxd6 Qxd6 37. Qc8+ Kf7 38. Qb7+ Qe7 39. Qb3+ 1/2-1/2

[Event "POL-ch U26 rapid"]
[Site "Hucisko"]
[Date "2016.01.15"]
[Round "2"]
[White "Tazbir, Marcin"]
[Black "Matuszczyk, Przemyslaw"]
[Result "1-0"]
[WhiteElo "2524"]
[BlackElo "2066"]
[PlyCount "87"]
[EventDate "2016.01.15"]
[EventType "swiss (rapid)"]
[EventRounds "9"]
[EventCountry "POL"]
[SourceTitle "CBM 170 Extra"]
[Source "ChessBase"]
[SourceDate "2016.02.25"]
[SourceVersion "1"]
[SourceVersionDate "2016.02.25"]
[SourceQuality "1"]

1. c4 Nf6 2. g3 g6 3. Bg2 Bg7 4. Nc3 0-0 5. d3 d6 6. Rb1 c5 7. a3 Nc6 8. b4 Nd7 9. Bd2 Rb8 10. b5 Nd4 11. e3 Ne6 12. Nge2 b6 13. 0-0 Bb7 14. Nd5 Nc7 15. Bc3 e6 16. Bxg7 Kxg7 17. Nxc7 Qxc7 18. e4 d5 19. f4 Rbd8 20. Qc2 dxe4 21. dxe4 e5 22. Nc3 Nf6 23. Nd5 Bxd5 24. exd5 Ng4 25. Qc3 Rfe8 26. Rbe1 Kg8 27. h3 exf4 28. hxg4 fxg3 29. d6 Qxd6 30. Bd5 Rxe1 31. Qxe1 Rd7 32. Qe8+ Kg7 33. Rxf7+ Rxf7 34. Qxf7+ Kh6 35. Kg2 Qe5 36. Qf3 Kg7 37. Qxg3 Qe2+ 38. Kh3 h5 39. Qc7+ Kh6 40. Qf4+ Kg7 41. g5 Qe7 42. a4 Qd7+ 43. Kg2 Qe7 44. Kf2 1-0

[Event "POL-chT 2nd League"]
[Site "Jastrzebia Gora"]
[Date "2015.09.09"]
[Round "5.57"]
[White "Bernat, Marcin"]
[Black "Matuszczyk, Przemyslaw"]
[Result "0-1"]
[WhiteElo "2105"]
[BlackElo "2086"]
[PlyCount "75"]
[EventDate "2015.09.05"]
[EventType "team-swiss"]
[EventRounds "9"]
[EventCountry "POL"]
[SourceTitle "EXT 2017"]
[Source "ChessBase"]
[SourceDate "2016.10.25"]
[SourceVersion "1"]
[SourceVersionDate "2016.10.25"]
[SourceQuality "1"]
[WhiteTeam "Steszew Lipno"]
[BlackTeam "Rybnik MKSz"]
[WhiteTeamCountry "POL"]
[BlackTeamCountry "POL"]

1. d4 d5 2. c4 c6 3. Nc3 Nf6 4. e3 e6 5. Nf3 Nbd7 6. Bd3 dxc4 7. Bxc4 b5 8. Bd3 a6 9. a4 b4 10. Ne4 c5 11. Nxf6+ Nxf6 12. e4 Bb7 13. e5 Nd7 14. 0-0 cxd4 15. Re1 Bc5 16. Ng5 Qe7 17. Bf4 h6 18. Qh5 g6 19. Bxg6 hxg5 20. Qxh8+ Nf8 21. Bxf7+ Kd7 22. Bxg5 Qxg5 23. Qh3 Qf4 24. Bh5 Nh7 25. Be8+ Rxe8 26. Qxh7+ Re7 27. Qg6 Rf7 28. Re2 Bd5 29. Qd3 Qg4 30. g3 Bf3 31. Rd2 Qh3 32. Qf1 Qh5 33. Re1 Bd5 34. h4 Qf3 35. Qh3 d3 36. Rf1 b3 37. h5 Rh7 38. h6 0-1

[Event "POL-chT 2nd League"]
[Site "Jastrzebia Gora"]
[Date "2015.09.05"]
[Round "1.87"]
[White "Praczukowski, Stanislaw"]
[Black "Matuszczyk, Przemyslaw"]
[Result "0-1"]
[WhiteElo "2028"]
[BlackElo "2086"]
[PlyCount "96"]
[EventDate "2015.09.05"]
[EventType "team-swiss"]
[EventRounds "9"]
[EventCountry "POL"]
[SourceTitle "EXT 2017"]
[Source "ChessBase"]
[SourceDate "2016.10.25"]
[SourceVersion "1"]
[SourceVersionDate "2016.10.25"]
[SourceQuality "1"]
[WhiteTeam "Chylice KS Laura"]
[BlackTeam "Rybnik MKSz"]
[WhiteTeamCountry "POL"]
[BlackTeamCountry "POL"]

1. d4 Nf6 2. c4 d6 3. Nf3 g6 4. Nc3 Bg7 5. g3 0-0 6. Bg2 Nbd7 7. 0-0 e5 8. e4 c6 9. h3 Qa5 10. Re1 exd4 11. Nxd4 Ne5 12. Nb3 Qc7 13. c5 dxc5 14. Nxc5 b6 15. Nb3 Rd8 16. Qc2 Nd3 17. Rd1 Ba6 18. a3 Ne5 19. Bf4 Nh5 20. Bg5 Rxd1+ 21. Rxd1 Nc4 22. Nd2 Nxb2 23. Qxb2 Qe5 24. g4 Qxg5 25. gxh5 Rd8 26. Nf3 Rxd1+ 27. Nxd1 Bxb2 28. Nxg5 Bxa3 29. hxg6 hxg6 30. Bf1 b5 31. Nf3 f6 32. Nd4 Bb7 33. Nb3 Bb4 34. Nb2 a5 35. Nd3 Bc3 36. Nbc5 Bc8 37. Nc1 a4 38. Be2 Bd4 39. N1d3 Bxc5 40. Nxc5 a3 41. Bd1 Be6 42. Nb3 Kf8 43. Kf1 c5 44. Ke2 c4 45. Nc1 b4 46. Kd2 b3 47. Kc3 b2 48. Kc2 c3 0-1

[Event "POL-chT 2nd League"]
[Site "Szczyrk"]
[Date "2014.09.07"]
[Round "2.10"]
[White "Dobrowolski, Aleksander"]
[Black "Matuszczyk, Przemyslaw"]
[Result "1-0"]
[WhiteElo "2248"]
[BlackElo "2065"]
[PlyCount "91"]
[EventDate "2014.09.06"]
[EventType "team-swiss"]
[EventRounds "9"]
[EventCountry "POL"]
[SourceTitle "EXT 2015"]
[Source "ChessBase"]
[SourceDate "2014.11.20"]
[SourceVersion "1"]
[SourceVersionDate "2014.11.20"]
[SourceQuality "1"]
[WhiteTeam "Pegow Wieza"]
[BlackTeam "Rybnik MKSz"]
[WhiteTeamCountry "POL"]
[BlackTeamCountry "POL"]

1. e4 c5 2. Nf3 d6 3. d4 cxd4 4. Nxd4 Nf6 5. Nc3 Nc6 6. Bg5 e6 7. Qd2 a6 8. 0-0-0 h6 9. Be3 Bd7 10. f3 Qc7 11. g4 Nxd4 12. Bxd4 Bc6 13. Qe3 Be7 14. h4 b5 15. Bd3 b4 16. Ne2 e5 17. Bb6 Qb7 18. g5 Nd7 19. Ba5 d5 20. exd5 Bxd5 21. g6 f6 22. Be4 Bxe4 23. fxe4 Nc5 24. Ng3 Rc8 25. Kb1 Qb5 26. Nf5 Bf8 27. Qh3 Qc6 28. Bxb4 Nxe4 29. Nd6+ Bxd6 30. Bxd6 Nxd6 31. Qe6+ Kf8 32. Qxd6+ Qxd6 33. Rxd6 Ke7 34. Rxa6 Rhd8 35. a4 f5 36. b4 Rd6 37. Ra7+ Kf6 38. h5 Rf8 39. b5 f4 40. Rf1 Kg5 41. Rxg7 Kxh5 42. Rf7 Rxf7 43. gxf7 Rf6 44. a5 Rxf7 45. b6 e4 46. a6 1-0

[Event "POL-chT 2nd League"]
[Site "Szczyrk"]
[Date "2014.09.06"]
[Round "1.89"]
[White "Kowalec, Maciej"]
[Black "Matuszczyk, Przemyslaw"]
[Result "0-1"]
[WhiteElo "1903"]
[BlackElo "2065"]
[PlyCount "96"]
[EventDate "2014.09.06"]
[EventType "team-swiss"]
[EventRounds "9"]
[EventCountry "POL"]
[SourceTitle "EXT 2015"]
[Source "ChessBase"]
[SourceDate "2014.11.20"]
[SourceVersion "1"]
[SourceVersionDate "2014.11.20"]
[SourceQuality "1"]
[WhiteTeam "Minsk Mazowiecki MTSz"]
[BlackTeam "Rybnik MKSz"]
[WhiteTeamCountry "POL"]
[BlackTeamCountry "POL"]

1. d4 Nf6 2. Nf3 d6 3. c4 Nbd7 4. Nc3 e5 5. e3 c6 6. Be2 Be7 7. 0-0 0-0 8. b3 Re8 9. Qc2 Qc7 10. Bb2 Nf8 11. h3 Ng6 12. Rfd1 Bf8 13. b4 e4 14. Nd2 d5 15. cxd5 cxd5 16. Qb3 Be6 17. Rac1 Qe7 18. a3 Nd7 19. Nb5 Qg5 20. f4 exf3 21. Nxf3 Qg3 22. Kf1 Rac8 23. Rxc8 Rxc8 24. Nxa7 Ra8 25. Nb5 Nf6 26. Bc3 Bxh3 27. gxh3 Qxh3+ 28. Ke1 Ne4 29. Rd3 Qh1+ 30. Bf1 Qxf3 31. Qc2 Be7 32. Qe2 Bh4+ 33. Kd1 Nf2+ 34. Kd2 Qxe2+ 35. Bxe2 Nxd3 36. Kxd3 Ne7 37. Bf3 f5 38. Bb2 g5 39. Nc7 Rd8 40. b5 Kf7 41. Bc3 g4 42. Bg2 Bg3 43. Ba5 Rd7 44. Na8 Nc8 45. a4 Ke6 46. Nb6 Nxb6 47. Bxb6 Bc7 48. Bc5 b6 0-1

[Event "POL-chT 2nd League"]
[Site "Lazy"]
[Date "2012.09.02"]
[Round "2"]
[White "Markiewicz, Jerzy"]
[Black "Matuszczyk, Przemyslaw"]
[Result "1-0"]
[WhiteElo "2261"]
[BlackElo "2067"]
[PlyCount "59"]
[EventDate "2012.09.01"]
[EventType "team-swiss"]
[EventRounds "9"]
[EventCountry "POL"]
[SourceTitle "EXT 2019"]
[Source "ChessBase"]
[SourceDate "2018.10.10"]
[SourceVersion "1"]
[SourceVersionDate "2018.10.10"]
[SourceQuality "1"]
[WhiteTeam "Pilzno GKSz Hetman"]
[BlackTeam "Rybnik MKSz"]
[WhiteTeamCountry "POL"]
[BlackTeamCountry "POL"]

1. d4 d5 2. Nf3 Nf6 3. c4 c6 4. Qc2 dxc4 5. Qxc4 Bf5 6. g3 Nbd7 7. Bg2 e6 8. 0-0 Be7 9. Nc3 Ne4 10. Rd1 0-0 11. Qb3 Qb6 12. Qxb6 axb6 13. Nxe4 Bxe4 14. Ne5 Nxe5 15. Bxe4 Nc4 16. a4 b5 17. b3 Nb6 18. Bc2 Ra7 19. Be3 Ra5 20. Bd2 b4 21. e4 Nd7 22. Rac1 e5 23. Be3 exd4 24. Bxd4 Rfa8 25. Bd3 Nc5 26. Be3 Kf8 27. Kg2 b6 28. Be2 Rd8 29. Bf4 Raa8 30. Be3 1-0

[Event "POL-chT U19 42nd"]
[Site "Ustron"]
[Date "2011.??.??"]
[Round "9.14"]
[White "Krzyzanowski, Marcin"]
[Black "Matuszczyk, Przemyslaw"]
[Result "1-0"]
[WhiteElo "2370"]
[BlackElo "2032"]
[PlyCount "77"]
[EventDate "2011.06.24"]
[EventType "team-tourn"]
[EventRounds "9"]
[EventCountry "POL"]
[SourceTitle "EXT 2015"]
[Source "ChessBase"]
[SourceDate "2014.11.20"]
[SourceVersion "1"]
[SourceVersionDate "2014.11.20"]
[SourceQuality "1"]
[WhiteTeam "Warszawa Polonia U19"]
[BlackTeam "Rybnik MKSz U19"]
[WhiteTeamCountry "POL"]
[BlackTeamCountry "POL"]

1. e4 c6 2. d4 d5 3. Nc3 dxe4 4. Nxe4 Nf6 5. Nxf6+ exf6 6. c3 Bd6 7. Bd3 Be6 8. Ne2 Qc7 9. Qc2 Nd7 10. c4 c5 11. d5 Bg4 12. h3 Bxe2 13. Qxe2+ Kf8 14. 0-0 h5 15. f4 g6 16. Bd2 Re8 17. Qf3 Kg7 18. Rae1 Qd8 19. Rxe8 Rxe8 20. g3 b6 21. Bc3 Qe7 22. Kf2 Rh8 23. Bc2 Qd8 24. Ke2 Qc8 25. Ba4 Nb8 26. Kd2 Qd8 27. Kc1 Be7 28. Re1 Qd6 29. Qe3 Bd8 30. f5 Rf8 31. g4 h4 32. g5 Qg3 33. gxf6+ Bxf6 34. Bxf6+ Kxf6 35. Qe7+ Kg7 36. f6+ Kh7 37. a3 Qf4+ 38. Kb1 Qf5+ 39. Ka2 1-0

[Event "POL-chT U19 42nd"]
[Site "Ustron"]
[Date "2011.??.??"]
[Round "7.20"]
[White "Siwiec, Arkadiusz"]
[Black "Matuszczyk, Przemyslaw"]
[Result "1/2-1/2"]
[WhiteElo "2123"]
[BlackElo "2032"]
[PlyCount "60"]
[EventDate "2011.06.24"]
[EventType "team-tourn"]
[EventRounds "9"]
[EventCountry "POL"]
[SourceTitle "EXT 2015"]
[Source "ChessBase"]
[SourceDate "2014.11.20"]
[SourceVersion "1"]
[SourceVersionDate "2014.11.20"]
[SourceQuality "1"]
[WhiteTeam "Gorzow Wielkopolski Stilon U19"]
[BlackTeam "Rybnik MKSz U19"]
[WhiteTeamCountry "POL"]
[BlackTeamCountry "POL"]

1. e4 c6 2. d4 d5 3. Nc3 dxe4 4. Nxe4 Nf6 5. Nxf6+ exf6 6. c3 Bd6 7. Bd3 Be6 8. Ne2 Qc7 9. Qc2 Nd7 10. Bd2 0-0-0 11. c4 c5 12. d5 Bg4 13. f3 Bh5 14. 0-0-0 Bg6 15. Nc3 a6 16. h3 Bxd3 17. Qxd3 Ne5 18. Qf1 f5 19. Re1 Rhe8 20. Nd1 Ng6 21. Nf2 Qd7 22. b3 Rxe1+ 23. Bxe1 Qe7 24. Nd3 Qf6 25. Kb1 Re8 26. Bf2 b6 27. Qd1 Qc3 28. Be1 Qd4 29. Bf2 Qc3 30. Be1 Qd4 1/2-1/2

[Event "POL-chT 2st League"]
[Site "Mrzezyno"]
[Date "2010.09.10"]
[Round "7.75"]
[White "Matuszczyk, Przemyslaw"]
[Black "Krainski, Slawomir"]
[Result "1-0"]
[WhiteElo "2049"]
[BlackElo "2115"]
[PlyCount "100"]
[EventDate "2010.09.04"]
[EventType "team-swiss"]
[EventRounds "9"]
[EventCountry "POL"]
[SourceTitle "EXT 2019"]
[Source "ChessBase"]
[SourceDate "2018.10.10"]
[SourceVersion "1"]
[SourceVersionDate "2018.10.10"]
[SourceQuality "1"]
[WhiteTeam "Rybnik MKSz"]
[BlackTeam "Grudziadz Rotmistrz II"]
[WhiteTeamCountry "POL"]
[BlackTeamCountry "POL"]

1. e4 e6 2. d4 d5 3. Nd2 Nf6 4. e5 Nfd7 5. Bd3 c5 6. c3 Nc6 7. Ne2 cxd4 8. cxd4 f6 9. exf6 Nxf6 10. Nf3 Bd6 11. 0-0 Qc7 12. Bg5 0-0 13. Re1 Ng4 14. Ng3 g6 15. Be2 Qg7 16. Qd3 Bd7 17. a3 Rae8 18. b4 a5 19. Be3 Bf4 20. Bxf4 Rxf4 21. Qd2 Ref8 22. h3 Nh6 23. Rad1 Kh8 24. Qe3 Ng8 25. Rd2 Qh6 26. Bd1 Qg7 27. Bc2 Nge7 28. Ne2 R4f6 29. Ne5 Nxe5 30. dxe5 R6f7 31. Nd4 Nc6 32. Nxc6 Bxc6 33. a4 Rf4 34. Rd4 Rxd4 35. Qxd4 Qd7 36. Ra1 Kg7 37. f3 Qe7 38. h4 Rc8 39. Bb3 Be8 40. Rd1 Qc7 41. Rd3 Qc1+ 42. Kh2 Bd7 43. Bxd5 exd5 44. e6+ Kh6 45. exd7 Qc7+ 46. Kg1 Qxd7 47. g4 Rc1+ 48. Kg2 Rc2+ 49. Kg3 Qd6+ 50. f4 Rc4 1-0

[Event "POL-chT 2st League"]
[Site "Mrzezyno"]
[Date "2010.09.09"]
[Round "6.51"]
[White "Zgadzaj, Rafal"]
[Black "Matuszczyk, Przemyslaw"]
[Result "1-0"]
[WhiteElo "2243"]
[BlackElo "2049"]
[PlyCount "69"]
[EventDate "2010.09.04"]
[EventType "team-swiss"]
[EventRounds "9"]
[EventCountry "POL"]
[SourceTitle "EXT 2019"]
[Source "ChessBase"]
[SourceDate "2018.10.10"]
[SourceVersion "1"]
[SourceVersionDate "2018.10.10"]
[SourceQuality "1"]
[WhiteTeam "Chroscice LZS Victoria"]
[BlackTeam "Rybnik MKSz"]
[WhiteTeamCountry "POL"]
[BlackTeamCountry "POL"]

1. c4 Nf6 2. Nc3 g6 3. g3 Bg7 4. Bg2 0-0 5. Nf3 d6 6. 0-0 c5 7. Rb1 Bf5 8. d3 Qc8 9. Re1 Nc6 10. a3 Nd4 11. Nd2 Bh3 12. Bh1 e5 13. b4 Rb8 14. e3 Ne6 15. Nb5 a6 16. Nxd6 Qd7 17. N2e4 Nh5 18. g4 Bxg4 19. Qxg4 f5 20. Qe2 fxe4 21. Nxe4 Qe7 22. bxc5 Qh4 23. f3 Ng5 24. Nxg5 Qxg5+ 25. Bg2 Qe7 26. Bd2 Rfd8 27. Bb4 Qd7 28. Rb3 Bf6 29. Reb1 Qc7 30. Qd2 Re8 31. a4 Qd7 32. Bc3 Re7 33. Rb6 Qxa4 34. c6 Rc7 35. Ra1 1-0

[Event "POL-chT 2st League"]
[Site "Mrzezyno"]
[Date "2010.09.06"]
[Round "3.63"]
[White "Matuszczyk, Przemyslaw"]
[Black "Bokiej, Przemyslaw"]
[Result "0-1"]
[WhiteElo "2049"]
[BlackElo "2128"]
[PlyCount "100"]
[EventDate "2010.09.04"]
[EventType "team-swiss"]
[EventRounds "9"]
[EventCountry "POL"]
[SourceTitle "EXT 2019"]
[Source "ChessBase"]
[SourceDate "2018.10.10"]
[SourceVersion "1"]
[SourceVersionDate "2018.10.10"]
[SourceQuality "1"]
[WhiteTeam "Rybnik MKSz"]
[BlackTeam "Bydgoszcz Chemik"]
[WhiteTeamCountry "POL"]
[BlackTeamCountry "POL"]

1. e4 e6 2. d4 d5 3. Nd2 c5 4. exd5 exd5 5. Ngf3 Nf6 6. Bb5+ Bd7 7. Bxd7+ Nbxd7 8. 0-0 Be7 9. c3 0-0 10. Re1 Re8 11. dxc5 Nxc5 12. Nb3 Nce4 13. Nfd4 Qd7 14. f3 Nd6 15. Bg5 Rac8 16. Qd3 b5 17. Re2 h6 18. Be3 Nc4 19. Bf2 b4 20. cxb4 Bxb4 21. Rc1 a5 22. Rcc2 a4 23. Rxe8+ Qxe8 24. Na1 Nxb2 25. Qf5 Rxc2 26. Naxc2 Bc5 27. g4 Nd1 28. h4 Nxf2 29. Kxf2 Qe6 30. Qf4 Qd6 31. Qxd6 Bxd6 32. Nb5 Bc5+ 33. Ke2 Nd7 34. Nc3 Nb6 35. Kd3 Kf8 36. Ne3 Bxe3 37. Kxe3 Ke7 38. Kd4 Ke6 39. f4 h5 40. g5 Kf5 41. Kc5 d4 42. Kxd4 Kg4 43. Kc5 Nc8 44. Nxa4 Kxh4 45. Nc3 Kg4 46. Ne2 h4 47. Ng1 f5 48. gxf6 gxf6 49. a4 f5 50. a5 Kg3 0-1

[Event "Rewal op-B 15th"]
[Site "Rewal"]
[Date "2010.08.27"]
[Round "9"]
[White "Matuszczyk, Przemyslaw"]
[Black "Miechowicz, Witold"]
[Result "1-0"]
[WhiteElo "2049"]
[BlackElo "1935"]
[PlyCount "81"]
[EventDate "2010.08.18"]
[EventType "swiss"]
[EventRounds "9"]
[EventCountry "POL"]
[SourceTitle "EXT 2014"]
[Source "ChessBase"]
[SourceDate "2013.11.20"]
[SourceVersion "1"]
[SourceVersionDate "2013.11.20"]
[SourceQuality "1"]

1. b3 e5 2. Bb2 Nc6 3. e3 d5 4. Ne2 Bf5 5. d3 Bb4+ 6. Nd2 Nf6 7. h3 Qe7 8. a3 Bd6 9. g3 0-0 10. Bg2 a5 11. 0-0 Rfe8 12. Re1 Rad8 13. Nf1 Nb8 14. g4 Bc8 15. f4 c6 16. Qd2 b6 17. Neg3 Rf8 18. Qf2 Ne8 19. f5 Bb7 20. Nd2 Nd7 21. Nf3 f6 22. h4 Rf7 23. g5 Nf8 24. g6 hxg6 25. fxg6 Nxg6 26. h5 Nh8 27. Nf5 Qc7 28. N3h4 Bc8 29. Bh3 Kf8 30. Ng6+ Kg8 31. Kh1 Bxf5 32. Bxf5 e4 33. Rg1 Be5 34. Nxe5 fxe5 35. Be6 Nf6 36. Qxf6 Kf8 37. Qg5 d4 38. Bxf7 Nxf7 39. Qxg7+ Ke7 40. Rg5 Rf8 41. Rf1 1-0

[Event "Rewal op-B 15th"]
[Site "Rewal"]
[Date "2010.08.26"]
[Round "7"]
[White "Matuszczyk, Przemyslaw"]
[Black "Dziodzio, Angelika"]
[Result "1-0"]
[WhiteElo "2049"]
[BlackElo "1864"]
[PlyCount "67"]
[EventDate "2010.08.18"]
[EventType "swiss"]
[EventRounds "9"]
[EventCountry "POL"]
[SourceTitle "EXT 2014"]
[Source "ChessBase"]
[SourceDate "2013.11.20"]
[SourceVersion "1"]
[SourceVersionDate "2013.11.20"]
[SourceQuality "1"]

1. e4 c5 2. Nf3 e6 3. c3 Nf6 4. Bd3 Nc6 5. Bc2 Qc7 6. d3 Be7 7. 0-0 0-0 8. h3 d5 9. Re1 Bd6 10. Qe2 dxe4 11. dxe4 e5 12. a4 Be6 13. Na3 a6 14. Bg5 Be7 15. Nc4 h6 16. Bh4 b5 17. Ne3 Nd7 18. Bg3 f6 19. Nh4 Rfb8 20. Nhf5 Bf8 21. h4 Ne7 22. Nd5 Nxd5 23. exd5 Bf7 24. h5 g6 25. hxg6 Bxd5 26. g7 Bd6 27. Qg4 Kf7 28. Nxh6+ Ke7 29. Nf5+ Kf7 30. Rad1 Qc6 31. Rxd5 Qxd5 32. Be4 Qe6 33. Bxa8 Rxa8 34. Qh5+ 1-0

[Event "Rewal op-B 15th"]
[Site "Rewal"]
[Date "2010.08.24"]
[Round "5"]
[White "Matuszczyk, Przemyslaw"]
[Black "Nun, Grzegorz"]
[Result "1-0"]
[WhiteElo "2049"]
[BlackElo "1712"]
[PlyCount "97"]
[EventDate "2010.08.18"]
[EventType "swiss"]
[EventRounds "9"]
[EventCountry "POL"]
[SourceTitle "EXT 2014"]
[Source "ChessBase"]
[SourceDate "2013.11.20"]
[SourceVersion "1"]
[SourceVersionDate "2013.11.20"]
[SourceQuality "1"]

1. e4 c5 2. Nf3 d6 3. d4 cxd4 4. Qxd4 Nc6 5. Bb5 Bd7 6. Bxc6 Bxc6 7. Nc3 Nf6 8. Bg5 e5 9. Qd3 Be7 10. 0-0-0 Qc7 11. Kb1 0-0-0 12. Qe2 Kb8 13. Rhe1 h6 14. Bc1 Rhe8 15. Nd5 Nxd5 16. exd5 Bd7 17. c4 Bf5+ 18. Ka1 Bf6 19. Be3 Rc8 20. Rc1 b6 21. Nd2 Red8 22. f3 Qd7 23. Ne4 Bxe4 24. fxe4 Rf8 25. Qf2 Bd8 26. Rf1 Bc7 27. b4 Qg4 28. Rb1 Ka8 29. Rb3 f6 30. Qb2 Bd8 31. Rc1 Qd7 32. c5 Rb8 33. cxd6 Qxd6 34. Rc6 Qd7 35. Qc2 f5 36. Rbc3 fxe4 37. d6 Rf1+ 38. Kb2 Qb7 39. Qd2 Rf7 40. Kb3 Rd7 41. Qd5 Bf6 42. Qe6 Bd8 43. b5 Rf7 44. R3c4 Rf6 45. Qxe5 Rf1 46. Rc7 Bf6 47. Qe6 Rb1+ 48. Kc2 Rb2+ 49. Kc1 1-0

[Event "POL-ch U18"]
[Site "Karpacz"]
[Date "2010.03.08"]
[Round "4"]
[White "Grudzien, Piotr"]
[Black "Matuszczyk, Przemyslaw"]
[Result "1/2-1/2"]
[WhiteElo "1989"]
[BlackElo "2095"]
[PlyCount "72"]
[EventDate "2010.03.06"]
[EventType "swiss"]
[EventRounds "11"]
[EventCountry "POL"]
[SourceTitle "CBM 135 Extra"]
[Source "ChessBase"]
[SourceDate "2010.05.04"]
[SourceVersion "1"]
[SourceVersionDate "2010.05.04"]
[SourceQuality "1"]

1. e4 c5 2. d4 cxd4 3. c3 d3 4. c4 Nf6 5. Bxd3 Nc6 6. Nc3 d6 7. h3 g6 8. Nf3 Bg7 9. 0-0 0-0 10. Be3 h6 11. Qd2 Kh7 12. Rae1 Be6 13. Ne2 Qa5 14. Qxa5 Nxa5 15. b3 Rfc8 16. Nfd4 Bd7 17. f4 Ne8 18. f5 g5 19. f6 exf6 20. e5+ Kg8 21. exf6 Bxf6 22. Rf2 Be5 23. Nf5 Bxf5 24. Bxf5 Rc7 25. h4 f6 26. Bd4 Nc6 27. Bxe5 dxe5 28. Nc3 Nd4 29. Nd5 Rg7 30. hxg5 Rxg5 31. Bd7 Kg7 32. Bxe8 Rxe8 33. Nxf6 Rf8 34. Ne4 Rxf2 35. Kxf2 Rf5+ 36. Kg1 b6 1/2-1/2

[Event "Rewal op-B 14th"]
[Site "Rewal"]
[Date "2009.08.27"]
[Round "7"]
[White "Matuszczyk, Przemyslaw"]
[Black "Kowalski, Lukasz"]
[Result "1-0"]
[WhiteElo "2098"]
[BlackElo "2052"]
[PlyCount "83"]
[EventDate "2009.08.20"]
[EventType "swiss"]
[EventRounds "9"]
[EventCountry "POL"]
[SourceTitle "EXT 2011"]
[Source "ChessBase"]
[SourceDate "2010.11.26"]
[SourceVersion "1"]
[SourceVersionDate "2010.11.26"]
[SourceQuality "1"]

1. e4 c5 2. Nf3 e6 3. d4 cxd4 4. Nxd4 a6 5. Bd3 Bc5 6. Nb3 Be7 7. 0-0 d6 8. Qe2 Nd7 9. f4 Qc7 10. c4 b6 11. Nc3 Bb7 12. Be3 Ngf6 13. Nd2 h5 14. Bd4 e5 15. Bf2 exf4 16. Nd5 Nxd5 17. exd5 Ne5 18. Bd4 g5 19. Rad1 f6 20. h4 0-0-0 21. Bf5+ Kb8 22. a4 Rde8 23. b4 Bd8 24. Bxe5 fxe5 25. hxg5 Bxg5 26. Ne4 Be7 27. Rc1 h4 28. Qd3 Bc8 29. Bxc8 Rxc8 30. Rf3 Rcg8 31. Rh3 Rg4 32. c5 Rhg8 33. Rc2 f3 34. Rxf3 h3 35. g3 Qb7 36. cxd6 Bd8 37. Kh2 Qd7 38. a5 Bh4 39. Rc7 Bxg3+ 40. Nxg3 Qxd6 41. Rc6 e4 42. Qxa6 1-0

[Event "Rewal op-B 14th"]
[Site "Rewal"]
[Date "2009.08.23"]
[Round "4"]
[White "Matuszczyk, Przemyslaw"]
[Black "Balandynowicz, Wojciech"]
[Result "0-1"]
[WhiteElo "2098"]
[BlackElo "2055"]
[PlyCount "66"]
[EventDate "2009.08.20"]
[EventType "swiss"]
[EventRounds "9"]
[EventCountry "POL"]
[SourceTitle "EXT 2011"]
[Source "ChessBase"]
[SourceDate "2010.11.26"]
[SourceVersion "1"]
[SourceVersionDate "2010.11.26"]
[SourceQuality "1"]

1. e4 c6 2. d4 d5 3. exd5 cxd5 4. Bd3 Nc6 5. c3 Nf6 6. Bf4 Bg4 7. Qb3 Qc8 8. Nd2 e6 9. Ngf3 Be7 10. 0-0 0-0 11. h3 Bh5 12. Rae1 Bg6 13. Bxg6 hxg6 14. Qd1 b5 15. b4 a5 16. a3 a4 17. Qe2 Qb7 18. Ne5 Nxe5 19. dxe5 Nd7 20. Qg4 Rfc8 21. Re3 Rc7 22. h4 Rac8 23. Qh3 Rc6 24. Rg3 Qc7 25. h5 g5 26. Bxg5 Bxg5 27. Rxg5 Nxe5 28. f4 Rxc3 29. Qh4 f6 30. fxe5 fxg5 31. Qxg5 Qb6+ 32. Kh1 Qe3 33. Qg6 Qxd2 0-1

[Event "POL-chT U19 40th"]
[Site "Chotowa"]
[Date "2009.07.??"]
[Round "2"]
[White "Kowalski, Lukasz"]
[Black "Matuszczyk, Przemyslaw"]
[Result "1/2-1/2"]
[WhiteElo "2052"]
[BlackElo "2098"]
[PlyCount "91"]
[EventDate "2009.07.06"]
[EventType "team-tourn"]
[EventRounds "9"]
[EventCountry "POL"]
[SourceTitle "EXT 2012"]
[Source "ChessBase"]
[SourceDate "2011.11.24"]
[SourceVersion "1"]
[SourceVersionDate "2011.11.24"]
[SourceQuality "1"]
[WhiteTeam "Skierniewice KS Piatka U19"]
[BlackTeam "Rybnik MKSz U19"]
[WhiteTeamCountry "POL"]
[BlackTeamCountry "POL"]

1. e4 c5 2. Nc3 Nc6 3. f4 g6 4. Nf3 Bg7 5. d3 d6 6. Be3 Nd4 7. Bxd4 cxd4 8. Ne2 Qb6 9. Qc1 e6 10. g3 Ne7 11. Bg2 0-0 12. 0-0 Bd7 13. Kh1 Rac8 14. Nd2 Bb5 15. Qd1 f5 16. a4 Ba6 17. Nb3 e5 18. fxe5 dxe5 19. Qd2 Qd6 20. Rfd1 fxe4 21. dxe4 Qc6 22. Rdc1 Rf2 23. Nbxd4 Qf6 24. Qe1 exd4 25. e5 Qf8 26. Nxd4 Bc4 27. Kg1 Rf7 28. Nb5 Nf5 29. Kh1 Bxb5 30. axb5 Qc5 31. b4 Qc4 32. Rxa7 Rd8 33. b6 Bh6 34. e6 Re7 35. Rd1 Rde8 36. Bd5 Qb5 37. Rxb7 Rxb7 38. Bxb7 Ne3 39. Rd6 Rf8 40. Bg2 Qe5 41. Rd3 Qh5 42. e7 Re8 43. Rxe3 Bxe3 44. Qxe3 Qd1+ 45. Qg1 Qxc2 46. Qd4 1/2-1/2